Statistics for Cities Starting with Q in Chinese Pinyin

Click here to take the quiz!

General Stats

  • This quiz has been taken 11 times
  • The average score is 4 of 5

Answer Stats

HintAnswer% Correct
Qīn NàiChennai
91%
Qí Wǎ WǎChihuahua
91%
Qiáo Zhì DūnGeorgetown
91%
Qí Mǔ Kěn TèShymkent
82%
Qiáo SīJos
73%

Score Distribution

Percentile by Number Answered

Percent of People with Each Score

Your Score History

You have not taken this quiz